[Event "?"]
[Site "?"]
[Date "2011.06.02"]
[Round "2.27"]
[White "Jüttner, Andreas"]
[Black "Müller, Kai-Markus"]
[Result "1-0"]
[WhiteElo "2096"]
[BlackElo "1901"]
[PlyCount "61"]
[EventDate "2011.??.??"]
[WhiteTeam "FC Bayern München e.V."]
[BlackTeam "SV Backnang"]

1. c4 e5 2. g3 Nc6 3. Bg2 g6 4. Nc3 Bg7 5. d3 d6 6. e4 Be6 7. Nge2 f5 8. O-O
Nf6 9. Nd5 Ne7 10. Nxe7 Qxe7 11. exf5 gxf5 12. Bxb7 Rb8 13. Bc6+ Kf7 14. f4 e4
15. Re1 h5 16. Nd4 h4 17. dxe4 hxg3 18. exf5 gxh2+ 19. Kh1 Nh5 20. fxe6+ Kg8
21. Qg4 Rf8 22. Bd2 Rh6 23. f5 Nf6 24. Qg2 Rh4 25. Be3 Kh8 26. Bf2 Ng4 27. Rad1
Be5 28. Nf3 Nxf2+ 29. Qxf2 Rxc4 30. Rxe5 dxe5 31. Nxe5 1-0

[Event "?"]
[Site "?"]
[Date "2011.06.02"]
[Round "2.28"]
[White "Dornreiter, Michael"]
[Black "Kvetny, Mark"]
[Result "0-1"]
[WhiteElo "1847"]
[BlackElo "2071"]
[PlyCount "56"]
[EventDate "2011.??.??"]
[WhiteTeam "SC Kirchseeon e.V."]
[BlackTeam "SV Altbach e.V."]

1. d4 Nf6 2. Nc3 d5 3. e3 c5 4. Bb5+ Bd7 5. Bxd7+ Nbxd7 6. Nf3 e6 7. Qe2 Bd6 8.
O-O O-O 9. e4 cxd4 10. Nxd4 Be5 11. Rd1 Qb6 12. Be3 Qxb2 13. Ncb5 Nxe4 14. f4
Bxd4 15. Bxd4 Qb4 16. Rab1 Qe7 17. c4 Ndc5 18. cxd5 exd5 19. Rbc1 Ne6 20. Be5
Rfc8 21. Qg4 a6 22. Nd4 Qa3 23. Rxc8+ Rxc8 24. Re1 Rc1 25. Qe2 Rxe1+ 26. Qxe1
Qc5 27. Qd1 f6 28. h3 fxe5 0-1

[Event "?"]
[Site "?"]
[Date "2011.06.02"]
[Round "2.29"]
[White "Pfeifer, Wilfried"]
[Black "Meinecke, Klaus-Hinrich"]
[Result "1-0"]
[WhiteElo "2040"]
[BlackElo "1806"]
[PlyCount "45"]
[EventDate "2011.??.??"]
[WhiteTeam "TSF Ditzingen"]
[BlackTeam "SAbt TSV Münchingen"]

1. f4 c5 2. Nf3 d5 3. e3 Nc6 4. Bb5 Qb6 5. Nc3 Nf6 6. Ne5 a6 7. Bxc6+ bxc6 8.
O-O e6 9. b3 Bd6 10. Ba3 Qc7 11. Na4 Bxe5 12. fxe5 Qxe5 13. Bxc5 Qh5 14. Qe1
Ne4 15. Ba3 f5 16. d3 Nf6 17. Qg3 Kf7 18. e4 dxe4 19. dxe4 Ra7 20. Nc5 Nd7 21.
Nxe6 g6 22. Ng5+ Ke8 23. exf5 1-0

[Event "?"]
[Site "?"]
[Date "2011.06.02"]
[Round "2.30"]
[White "Sieweck, Philipp"]
[Black "Gibicar, Danijel"]
[Result "1-0"]
[WhiteElo "1938"]
[BlackElo "2037"]
[PlyCount "99"]
[EventDate "2011.??.??"]
[WhiteTeam "SV Rottweil"]
[BlackTeam "SK Bebenhausen 1992"]

1. e4 e6 2. d3 d5 3. Nd2 Nf6 4. g3 Be7 5. Bg2 c5 6. Ngf3 Nc6 7. O-O O-O 8. Re1
b5 9. e5 Nd7 10. Nf1 Qc7 11. Bf4 a5 12. h4 Ba6 13. h5 c4 14. Ne3 cxd3 15. Nxd5
exd5 16. e6 Bd6 17. Bxd6 Qxd6 18. exd7 b4 19. cxd3 Rad8 20. d4 Qxd7 21. Ne5
Nxe5 22. Rxe5 Bc4 23. Qf3 f6 24. Re3 Qa7 25. Qg4 Rfe8 26. Rae1 Rxe3 27. Rxe3
Qd7 28. Qxd7 Rxd7 29. b3 Ba6 30. Re8+ Kf7 31. Ra8 Rd6 32. Bf1 Bb7 33. Rxa5 Rb6
34. Rc5 Ke6 35. Rc7 Ba6 36. Bh3+ Kd6 37. Rd7+ Kc6 38. Rxg7 Bd3 39. Bd7+ Kd6 40.
h6 Rb8 41. g4 Bb1 42. Ba4 Rc8 43. Rd7+ Ke6 44. Rb7 Rg8 45. Kh2 Rg6 46. f4 Rxh6+
47. Kg3 Kd6 48. f5 Bxf5 49. gxf5 Rh3+ 50. Kxh3 1-0

[Event "?"]
[Site "?"]
[Date "2011.06.02"]
[Round "2.31"]
[White "Enders, Philipp"]
[Black "Scheeff, Volker"]
[Result "0-1"]
[WhiteElo "1794"]
[BlackElo "2149"]
[PlyCount "44"]
[EventDate "2011.??.??"]
[WhiteTeam "SV Hockenheim"]
[BlackTeam "SK Schmiden/Cannstatt"]

1. d4 d5 2. Nf3 Nf6 3. e3 c5 4. c3 e6 5. Bd3 Nc6 6. Nbd2 Bd6 7. O-O O-O 8. dxc5
Bxc5 9. e4 Qc7 10. b4 Bb6 11. Bb2 Rd8 12. Qe2 e5 13. Rac1 h6 14. h3 Nh5 15. Ne1
Ng3 16. Qf3 Nxf1 17. Nxf1 f5 18. exd5 e4 19. Qh5 exd3 20. dxc6 d2 21. Nxd2 Rxd2
22. Nf3 Qd8 0-1

[Event "?"]
[Site "?"]
[Date "2011.06.02"]
[Round "2.32"]
[White "Prestel, Oliver"]
[Black "Körber, Thomas"]
[Result "1-0"]
[WhiteElo "2140"]
[BlackElo "1961"]
[PlyCount "67"]
[EventDate "2011.??.??"]
[WhiteTeam "SV Marbach"]
[BlackTeam "SF Fürth 1951 e.V."]

1. d4 f5 2. g3 Nf6 3. Bg2 d6 4. Nf3 g6 5. c4 Bg7 6. Nc3 O-O 7. d5 a5 8. O-O Na6
9. Rb1 Nc5 10. Nd4 e5 11. dxe6 c6 12. b3 Nxe6 13. Nxe6 Bxe6 14. Ba3 Ne8 15. Qd2
Qc7 16. Rfc1 Rd8 17. Nd5 Bxd5 18. cxd5 c5 19. e3 Nf6 20. b4 axb4 21. Bxb4 Ra8
22. Bc3 Qd7 23. Rb6 Ra7 24. Rcb1 Rf7 25. R1b2 Re7 26. Qc2 Qc7 27. Qb1 Qd7 28.
Bf3 Kf7 29. Kg2 Kg8 30. h4 Kf7 31. Qd3 Ne4 32. Bxg7 Kxg7 33. Bxe4 Rxe4 34. Qc3+
1-0

[Event "?"]
[Site "?"]
[Date "2011.06.02"]
[Round "2.33"]
[White "Keough, Robert"]
[Black "Kaplunov, Vadym"]
[Result "1-0"]
[WhiteElo "2106"]
[BlackElo "1961"]
[PlyCount "87"]
[EventDate "2011.??.??"]
[WhiteTeam "SGem Vaihingen-Rohr"]
[BlackTeam "Stuttgarter SF 1879"]

1. e4 c5 2. d4 cxd4 3. c3 Nf6 4. e5 Nd5 5. cxd4 e6 6. Nc3 Nxc3 7. bxc3 d6 8.
Nf3 Nc6 9. Bf4 d5 10. Bd3 Be7 11. O-O Bd7 12. Re1 Rc8 13. Rb1 Qc7 14. c4 Nb4
15. cxd5 Nxd3 16. Qxd3 Qa5 17. dxe6 Bxe6 18. Rxb7 a6 19. Qd2 Qd8 20. Bg5 Bxg5
21. Nxg5 Bd5 22. Rbb1 h6 23. Ne4 O-O 24. Nf6+ gxf6 25. Qxh6 f5 26. Re3 Rc6 27.
Rg3+ Rg6 28. Rxg6+ fxg6 29. Qxg6+ Kh8 30. Qh6+ Kg8 31. Rb6 Bf7 32. Rf6 Re8 33.
Qg5+ Kf8 34. Qxf5 Qc7 35. Qf4 Re7 36. h3 Ke8 37. Qh6 Qc4 38. Qh8+ Bg8 39. Qh5+
Bf7 40. Qh8+ Bg8 41. Rg6 Kf8 42. Qf6+ Bf7 43. Qg7+ Ke8 44. Qh8+ 1-0

[Event "?"]
[Site "?"]
[Date "2011.06.02"]
[Round "2.34"]
[White "Osmanovic, Faruk"]
[Black "Zeh, Rolf"]
[Result "0-1"]
[WhiteElo "2093"]
[BlackElo "1953"]
[PlyCount "68"]
[EventDate "2011.??.??"]
[WhiteTeam "SC Blau.Turm Bad Wimpfen"]
[BlackTeam "SV 23 Böckingen"]

1. e4 c6 2. d4 d5 3. Nc3 dxe4 4. Nxe4 Bf5 5. Ng3 Bg6 6. h4 h6 7. N1e2 Nf6 8.
Nf4 Bh7 9. Bc4 e6 10. c3 Bd6 11. O-O O-O 12. Bd3 Bxd3 13. Qxd3 Qc7 14. Qf3 Nbd7
15. Nfh5 Nxh5 16. Nxh5 f5 17. Nf4 Rae8 18. Ng6 Rf6 19. h5 Nf8 20. Nxf8 Rexf8
21. Re1 Qf7 22. Bd2 g5 23. hxg6 Rxg6 24. Bf4 Bxf4 25. Qxf4 Kh7 26. Re2 Rfg8 27.
f3 Qg7 28. Qh2 h5 29. Rf1 Qh6 30. Qh4 R8g7 31. Kh2 Rg5 32. Rg1 Qg6 33. Qe1 Rg3
34. Qd2 Rh3+ 0-1

[Event "?"]
[Site "?"]
[Date "2011.06.02"]
[Round "2.35"]
[White "Marquardt, Patrick"]
[Black "Fischer, Gerd"]
[Result "1/2-1/2"]
[WhiteElo "2031"]
[BlackElo "1950"]
[PlyCount "66"]
[EventDate "2011.??.??"]
[WhiteTeam "SG Donautal Tuttlingen"]
[BlackTeam "SC 1926 Haßloch"]

1. e4 e6 2. d4 d5 3. exd5 exd5 4. Nf3 Bd6 5. c4 c6 6. Nc3 Ne7 7. Bd3 h6 8. O-O
O-O 9. Re1 Nd7 10. Qe2 dxc4 11. Bxc4 Nb6 12. Bb3 Nbd5 13. Ne5 Be6 14. Ne4 Bb4
15. Bd2 Bxd2 16. Qxd2 Nc7 17. Bxe6 Nxe6 18. Rad1 Nd5 19. Nc5 Nxc5 20. dxc5 Re8
21. Nc4 Rxe1+ 22. Rxe1 b6 23. Ne5 Rc8 24. b4 bxc5 25. bxc5 Qc7 26. Nc4 Qf4 27.
Qxf4 Nxf4 28. Re7 Rb8 29. h3 Rb1+ 30. Kh2 Rc1 31. Nd6 Rxc5 32. Rxa7 Rc2 33.
Rxf7 g5 1/2-1/2

[Event "?"]
[Site "?"]
[Date "2011.06.02"]
[Round "2.36"]
[White "Schäfer, Daniela"]
[Black "Braun, Rüdiger-Thomas"]
[Result "1-0"]
[WhiteElo "1946"]
[BlackElo "2030"]
[PlyCount "49"]
[EventDate "2011.??.??"]
[WhiteTeam "SF Deizisau"]
[BlackTeam "SF Birkenfeld"]

1. e4 c5 2. Nf3 d6 3. d4 cxd4 4. Nxd4 a6 5. h3 Nf6 6. Nc3 e5 7. Nde2 Be6 8. g4
Nbd7 9. Bg2 Rc8 10. O-O b5 11. a3 Nb6 12. Re1 Be7 13. Ng3 O-O 14. Nf5 Re8 15.
g5 Nfd7 16. Nxd6 Bxd6 17. Qxd6 Rc4 18. Be3 Nc8 19. Qd2 Qc7 20. Rad1 b4 21. axb4
Ndb6 22. Bc5 a5 23. b3 axb4 24. Bxb6 bxc3 25. Qe3 1-0

[Event "?"]
[Site "?"]
[Date "2011.06.02"]
[Round "2.37"]
[White "Färber, Eric"]
[Black "Schaffert, Walter"]
[Result "1-0"]
[WhiteElo "2030"]
[BlackElo "1944"]
[PlyCount "85"]
[EventDate "2011.??.??"]
[WhiteTeam "SC Leinfelden"]
[BlackTeam "SG Ludwigsburg 1919"]

1. e4 d5 2. exd5 Nf6 3. c4 c6 4. d4 cxd5 5. Nc3 Nc6 6. Bg5 dxc4 7. d5 Na5 8.
Bxc4 Nxc4 9. Qa4+ Bd7 10. Qxc4 Qb6 11. Nf3 Rc8 12. Qe2 h6 13. Bxf6 gxf6 14. O-O
a6 15. Rfe1 Rg8 16. Rad1 Kd8 17. Kh1 Qd6 18. Qd2 Rc4 19. Ne4 Qb4 20. Qe3 Bf5
21. Ng3 Bc2 22. Rc1 Ba4 23. Rxc4 Qxc4 24. b3 Qxd5 25. bxa4 e5 26. Qb6+ Kd7 27.
Qxf6 Be7 28. Qxe5 Qxe5 29. Nxe5+ Kc7 30. Nd3 Bd6 31. Nf5 Rd8 32. Nxd6 Rxd6 33.
Nf4 Rd4 34. g3 Kd6 35. Rb1 Rxa4 36. Rxb7 Rxa2 37. Kg2 f5 38. Rb6+ Kc5 39. Rxh6
a5 40. h4 a4 41. Ra6 Kb5 42. Ra8 a3 43. h5 1-0

[Event "?"]
[Site "?"]
[Date "2011.06.02"]
[Round "2.38"]
[White "Rautenberg, Uwe"]
[Black "Gentner, Markus"]
[Result "0-1"]
[WhiteElo "1941"]
[BlackElo "2023"]
[PlyCount "90"]
[EventDate "2011.??.??"]
[WhiteTeam "SC Ingersheim e.V."]
[BlackTeam "SC Murrhardt 1948 e.V."]

1. d4 Nf6 2. Nc3 d5 3. Bg5 g6 4. f3 Bf5 5. Bxf6 exf6 6. e4 Be6 7. Nge2 Bh6 8.
Qd3 c6 9. g3 O-O 10. Bg2 Nd7 11. f4 dxe4 12. Bxe4 f5 13. Bf3 Nb6 14. b3 Bg7 15.
O-O Qd7 16. Rad1 Rad8 17. Rd2 Rfe8 18. Rfd1 Qe7 19. a4 Nd5 20. Nxd5 Bxd5 21.
Bxd5 Rxd5 22. c4 Rd7 23. Qf3 Qb4 24. Qc3 Qxc3 25. Nxc3 Re3 26. Ne2 Rxb3 27. d5
c5 28. Ra2 Kf8 29. Kf2 Ke7 30. Ke1 Kd6 31. Kd2 Re7 32. Rc1 Ree3 33. Rcc2 Red3+
34. Ke1 Rb1+ 35. Kf2 Bd4+ 36. Kg2 Bf6 37. h4 Rbb3 38. Kh2 Ra3 39. Kg2 Rxa2 40.
Rxa2 Rb3 41. a5 Rb4 42. a6 b6 43. Rc2 Ra4 44. Nc3 Bxc3 45. Rxc3 Rxa6 0-1

[Event "?"]
[Site "?"]
[Date "2011.06.02"]
[Round "2.39"]
[White "Pelezki, Eugen"]
[Black "Engelhardt, Frank"]
[Result "1-0"]
[WhiteElo "2016"]
[BlackElo "1917"]
[PlyCount "83"]
[EventDate "2011.??.??"]
[WhiteTeam "SV 1947 Wendlingen"]
[BlackTeam "SC Schachmatt Botnang"]

1. c4 e5 2. Nc3 Nf6 3. g3 d5 4. cxd5 Nxd5 5. Bg2 Nxc3 6. bxc3 Bc5 7. Nf3 Nc6 8.
O-O Qe7 9. e3 O-O 10. d4 exd4 11. exd4 Bb6 12. Re1 Qd8 13. Bg5 f6 14. Qb3+ Kh8
15. Bf4 Bd7 16. Rad1 a5 17. Nd2 a4 18. Qc2 Qc8 19. Be4 g5 20. Bxc6 Bxc6 21. Be3
Qh3 22. f3 Rae8 23. Bf2 f5 24. Qd3 Rd8 25. Re5 Rd6 26. Qf1 Qh5 27. Qg2 g4 28.
fxg4 Qxg4 29. Qf1 Rh6 30. Qe2 Qxe2 31. Rxe2 Ba5 32. c4 f4 33. d5 Bd7 34. Re7
Rd8 35. Bd4+ Kg8 36. Ne4 Kf8 37. Re5 Bh3 38. Ng5 fxg3 39. hxg3 Bd7 40. Rf1+ Kg8
41. Re7 Rg6 42. Rxh7 1-0

[Event "?"]
[Site "?"]
[Date "2011.06.02"]
[Round "2.40"]
[White "Grünert, Thomas"]
[Black "Stitterich, Nadine"]
[Result "1-0"]
[WhiteElo "1914"]
[BlackElo "2015"]
[PlyCount "120"]
[EventDate "2011.??.??"]
[WhiteTeam "SF Illingen"]
[BlackTeam "SV Stuttgart-Wolfbusch 1956 e.V."]

1. d4 d5 2. Nf3 c6 3. e3 Bf5 4. c4 e6 5. a3 Nf6 6. Nc3 Nbd7 7. b4 Bd6 8. Bb2
O-O 9. Be2 Ne4 10. h3 Re8 11. Nxe4 Bxe4 12. c5 Bc7 13. Bd3 Bg6 14. Bxg6 hxg6
15. Ne5 Bxe5 16. dxe5 b6 17. cxb6 axb6 18. Qg4 Qc7 19. f4 c5 20. Rc1 Qa7 21.
O-O Qa4 22. h4 cxb4 23. axb4 Qxb4 24. Bd4 Rec8 25. Rb1 Qa3 26. h5 gxh5 27. Qxh5
g6 28. Qg4 Kf8 29. Rb2 Qd3 30. Qh4 Ke8 31. Qf2 Rab8 32. g4 Qe4 33. Qh4 Rc4 34.
f5 gxf5 35. Rg2 b5 36. Qh7 f4 37. Qh8+ Ke7 38. Qh4+ Ke8 39. Rxf4 Qb1+ 40. Rf1
Rc1 41. Rgf2 Rxf1+ 42. Rxf1 Qb4 43. g5 Nf8 44. Qh8 Qe7 45. Qg8 Rc8 46. Ra1 Qc7
47. Rf1 Qe7 48. Rf6 b4 49. g6 Rc6 50. g7 b3 51. Bb2 Ra6 52. Qh8 Ra2 53. Qh2 Qb4
54. Qf2 Qg4+ 55. Qg2 Qxg2+ 56. Kxg2 Rxb2+ 57. Kf3 Rb1 58. g8=Q b2 59. Qxf7+ Kd8
60. Qxf8+ Kc7 1-0

[Event "?"]
[Site "?"]
[Date "2011.06.02"]
[Round "2.41"]
[White "Schuster, Gerhard"]
[Black "Nicolai, Alexander"]
[Result "0-1"]
[WhiteElo "2015"]
[BlackElo "1936"]
[PlyCount "73"]
[EventDate "2011.??.??"]
[WhiteTeam "SC Feuerbach e. V."]
[BlackTeam "SV 1947 Wendlingen"]

1. e4 g6 2. d4 Bg7 3. Nf3 c5 4. d5 d6 5. Nfd2 Nd7 6. Be2 Nb6 7. a4 a5 8. O-O
Bd7 9. c4 e5 10. Nc3 Ne7 11. Nb5 Bxb5 12. axb5 f5 13. Ra3 Nd7 14. Rh3 Nf6 15.
g4 fxg4 16. Bxg4 Nxg4 17. Qxg4 Qd7 18. Qxd7+ Kxd7 19. Nf3 h6 20. Kg2 g5 21. Ne1
b6 22. Rf3 Rhf8 23. Nd3 Ng6 24. Rxf8 Rxf8 25. f3 Bf6 26. Kg3 h5 27. b3 Be7 28.
Nb2 g4 29. h3 Bh4+ 30. Kg2 g3 31. Bd2 Nf4+ 32. Bxf4 exf4 33. Nd3 Bg5 34. e5 Bd8
35. e6+ Ke7 36. Re1 h4 37. Re4 {Rest unleserlich} 0-1

[Event "?"]
[Site "?"]
[Date "2011.06.02"]
[Round "2.42"]
[White "Rudhart, Michael"]
[Black "Fahnenschmidt, Gerhard"]
[Result "0-1"]
[WhiteElo "1905"]
[BlackElo "2014"]
[PlyCount "62"]
[EventDate "2011.??.??"]
[WhiteTeam "SV Stuttgart-Wolfbusch 1956 e.V."]
[BlackTeam "VfL Sindelfingen"]

1. Nc3 d5 2. e4 dxe4 3. Nxe4 e5 4. Bc4 Bf5 5. Ng3 Bg6 6. Nf3 Nc6 7. O-O Nf6 8.
Re1 Bd6 9. Bb5 Qe7 10. Qe2 O-O 11. Bxc6 bxc6 12. d3 Rfe8 13. Bd2 e4 14. Nxe4
Nxe4 15. dxe4 Bxe4 16. Qc4 Bd5 17. Qd3 Qf6 18. Bc3 Qh6 19. Be5 Qh5 20. Bxd6
cxd6 21. Nd2 Re5 22. c4 Be6 23. Qxd6 Rc5 24. b4 Rf5 25. Qxc6 Rd8 26. Nf1 Qh4
27. Ng3 Rf4 28. Rac1 Qg5 29. Qc7 h5 30. Qxa7 h4 31. Ne4 Rxe4 0-1

[Event "?"]
[Site "?"]
[Date "2011.06.02"]
[Round "2.43"]
[White "Lebeda, Timo"]
[Black "Santos, Paulo"]
[Result "1-0"]
[WhiteElo "2013"]
[BlackElo "1890"]
[PlyCount "107"]
[EventDate "2011.??.??"]
[WhiteTeam "SAbt VFB Reichenbach"]
[BlackTeam "SC Lechhausen"]

1. c4 Nf6 2. Nf3 g6 3. g3 Bg7 4. Bg2 O-O 5. O-O d5 6. d4 Nc6 7. cxd5 Nxd5 8. e3
Bg4 9. Bd2 e5 10. Qb3 Nb6 11. Nxe5 Nxe5 12. dxe5 Bxe5 13. Bb4 Re8 14. Bxb7 Rb8
15. Bc6 Be6 16. Qc2 Nd7 17. Bc3 Qf6 18. Nd2 Bxc3 19. Ne4 Qf3 20. Qxc3 Bh3 21.
Ng5 Qf5 22. Nxh3 Qxh3 23. b3 Ne5 24. Bg2 Qd7 25. Rfd1 Qe7 26. Rac1 Rec8 27. Qc5
Qxc5 28. Rxc5 f6 29. Bh3 Rd8 30. Rxd8+ Rxd8 31. Rxc7 Rd1+ 32. Bf1 a5 33. Kg2
Rd2 34. a4 Rb2 35. Bc4+ Nxc4 36. Rxc4 Rxb3 37. Rc5 h5 38. Rxa5 Kg7 39. Ra7+ Kh6
40. a5 Ra3 41. a6 g5 42. Ra8 g4 43. h3 Ra1 44. a7 Kg7 45. e4 Kh7 46. Rf8 Rxa7
47. Rxf6 gxh3+ 48. Kxh3 Kg7 49. Rf5 Kg6 50. Kh4 Ra4 51. f3 Ra3 52. f4 Re3 53.
Rg5+ Kf6 54. e5+ 1-0

[Event "?"]
[Site "?"]
[Date "2011.06.02"]
[Round "2.44"]
[White "Yin, Stanley"]
[Black "Pietzka, Martin"]
[Result "1-0"]
[WhiteElo "1990"]
[BlackElo "1863"]
[PlyCount "109"]
[EventDate "2011.??.??"]
[WhiteTeam "SK Klosterlechfeld"]
[BlackTeam "SV Nürtingen 1920"]

1. g3 d5 2. Bg2 e5 3. c3 Nf6 4. Na3 Nc6 5. Nc2 Be7 6. d3 Bf5 7. Bg5 h6 8. Bxf6
gxf6 9. Ne3 Be6 10. Qb3 Kf8 11. Qxb7 Na5 12. Qb5 c6 13. Qa4 Qc7 14. b4 Nb7 15.
Nf3 Nd6 16. O-O Kg7 17. a3 a5 18. Qc2 Ra6 19. Nd2 Rha8 20. Rab1 axb4 21. axb4
Nb5 22. Rb2 d4 23. Nd1 dxc3 24. Nxc3 Nxc3 25. Qxc3 Ra2 26. Rxa2 Rxa2 27. b5
Rxd2 28. Qxd2 cxb5 29. Rc1 Qb8 30. d4 exd4 31. Be4 b4 32. Bb1 Qb6 33. Qd3 f5
34. g4 Bg5 35. Rd1 f4 36. Qxd4+ Qxd4 37. Rxd4 b3 38. Rb4 Kf8 39. Bf5 Bd5 40.
Be4 Be6 41. Bd3 Ke7 42. Kf1 Kd6 43. Ke1 Kc5 44. Rb5+ Kc6 45. Kd2 Bf6 46. Rb4
Be5 47. h4 Bf6 48. h5 b2 49. f3 Be5 50. g5 hxg5 51. h6 Kc7 52. Rb5 Bf6 53. Kc2
Ba2 54. Rxb2 Bxb2 55. Kxb2 1-0

[Event "?"]
[Site "?"]
[Date "2011.06.02"]
[Round "2.45"]
[White "Schmidt, Markus"]
[Black "Feller, Florian"]
[Result "1-0"]
[WhiteElo "1816"]
[BlackElo "1986"]
[PlyCount "69"]
[EventDate "2011.??.??"]
[WhiteTeam "Stuttgarter SF 1879"]
[BlackTeam "SGem Vaihingen-Rohr"]

1. e4 c5 2. Nf3 Nc6 3. d4 cxd4 4. Nxd4 Nf6 5. Nc3 e5 6. Nb3 Bb4 7. Bd3 d5 8.
O-O d4 9. Ne2 Bg4 10. f3 Bh5 11. Ng3 Bg6 12. a3 Bd6 13. f4 exf4 14. Bxf4 O-O
15. Bg5 Be5 16. Nf5 Qc7 17. h3 Nh5 18. Bh4 Rfe8 19. Nd2 Nf4 20. Qf3 f6 21. Nc4
Bxf5 22. exf5 Nxd3 23. cxd3 Qf7 24. Bg3 Rad8 25. Rae1 Qd5 26. Qh5 b5 27. Nxe5
Nxe5 28. Re4 Qf7 29. Qe2 Nc6 30. Re1 Rxe4 31. Qxe4 Qd5 32. Qg4 Qf7 33. Re6 Ne7
34. Qe4 Nd5 35. Qxd4 1-0

[Event "?"]
[Site "?"]
[Date "2011.06.02"]
[Round "2.46"]
[White "Steinhart, Christoph"]
[Black "Giricz, Thomas"]
[Result "1/2-1/2"]
[WhiteElo "1979"]
[BlackElo "1840"]
[PlyCount "108"]
[EventDate "2011.??.??"]
[WhiteTeam "TSV Schönaich"]
[BlackTeam "VfL Sindelfingen"]

1. e4 e6 2. d4 d5 3. Nd2 c5 4. exd5 exd5 5. Ngf3 Nc6 6. Be2 Bd6 7. dxc5 Bxc5 8.
Nb3 Bb6 9. O-O Nge7 10. c3 O-O 11. Nbd4 Nf5 12. Bg5 f6 13. Nxf5 Bxf5 14. Bf4
Re8 15. Bd3 Bxd3 16. Qxd3 d4 17. cxd4 Nxd4 18. Nxd4 Qxd4 19. Qb3+ Kh8 20. Be3
Qd6 21. Bxb6 Qxb6 22. Qxb6 axb6 23. Rfe1 Red8 24. Re6 Rxa2 25. Rae1 h6 26. Rxb6
Rd2 27. Rb1 Rd7 28. f4 Ra4 29. f5 Rf4 30. Rf1 Rc4 31. g3 Kg8 32. Rf2 Kf7 33.
Re2 Kf8 34. Kg2 Kf7 35. h3 Rc5 36. g4 Rc6 37. Re6 g5 38. Rexc6 bxc6 39. Kf3 c5
40. Ke3 h5 41. gxh5 Rd5 42. Rb7+ Kg8 43. h6 Rxf5 44. Ke4 Rf4+ 45. Kd5 Rh4 46.
h7+ Kh8 47. Ke6 Rxh7 48. Rxh7+ Kxh7 49. Kd5 f5 50. Kxc5 Kg7 51. b4 g4 52. hxg4
fxg4 53. Kd4 Kf6 54. b5 Ke6 1/2-1/2

[Event "?"]
[Site "?"]
[Date "2011.06.02"]
[Round "2.47"]
[White "Stierle, Martin"]
[Black "Boyarchenko, Vlada"]
[Result "1-0"]
[WhiteElo "1977"]
[BlackElo "1674"]
[PlyCount "37"]
[EventDate "2011.??.??"]
[WhiteTeam "SG Donautal Tuttlingen"]

1. d4 Nf6 2. c4 g6 3. Nc3 d5 4. h4 Bg7 5. h5 Nxh5 6. cxd5 Nf6 7. e4 c6 8. dxc6
Nxc6 9. d5 Nb8 10. e5 Nfd7 11. f4 Nb6 12. Nf3 f6 13. Bd3 Bg4 14. Rxh7 Rxh7 15.
Bxg6+ Kf8 16. Bxh7 fxe5 17. fxe5 Bxe5 18. Bh6+ Bg7 19. Qd4 1-0

[Event "?"]
[Site "?"]
[Date "2011.06.02"]
[Round "2.48"]
[White "Altimira, Jordi"]
[Black "Probst, Alexander"]
[Result "1/2-1/2"]
[WhiteElo "1805"]
[BlackElo "1971"]
[PlyCount "85"]
[EventDate "2011.??.??"]
[WhiteTeam "SV Rottweil"]
[BlackTeam "SC Blau.Turm Bad Wimpfen"]

1. e4 c5 2. Nf3 d6 3. d4 cxd4 4. Nxd4 Nf6 5. Nc3 a6 6. Bg5 e6 7. f4 b5 8. Qf3
Bb7 9. Qg3 Qb6 10. Bxf6 gxf6 11. Qe3 Bh6 12. g3 Nc6 13. Nf5 Qxe3+ 14. Nxe3 O-O
15. O-O-O Rfd8 16. Rg1 Na5 17. Ng4 Bg7 18. Bd3 f5 19. exf5 b4 20. f6 bxc3 21.
fxg7 cxb2+ 22. Kb1 Bf3 23. Nf6+ Kxg7 24. Rdf1 Kxf6 25. Rxf3 d5 26. Rg2 h6 27.
g4 Rg8 28. Rh3 Rh8 29. g5+ hxg5 30. Rxh8 Rxh8 31. fxg5+ Ke7 32. Bxa6 Nc6 33.
Bb5 Nd4 34. c4 dxc4 35. Bxc4 Rc8 36. Bb3 Nf3 37. Kxb2 Rc5 38. g6 fxg6 39. Rxg6
Nxh2 40. Rxe6+ Kd7 41. Rf6 Kc7 42. Bd1 Rg5 43. Rf2 1/2-1/2

[Event "?"]
[Site "?"]
[Date "2011.06.02"]
[Round "2.49"]
[White "Schnepel, Thomas"]
[Black "Recker, Martin"]
[Result "1-0"]
[WhiteElo "1964"]
[BlackElo "1912"]
[PlyCount "57"]
[EventDate "2011.??.??"]
[WhiteTeam "SC Pforzheim 1906"]
[BlackTeam "SF Freiberg"]

1. e4 d5 2. exd5 Nf6 3. d4 Nxd5 4. c4 Nb6 5. Nc3 e5 6. d5 Be7 7. Be3 O-O 8. Nf3
Bg4 9. h3 Bxf3 10. Qxf3 N8d7 11. g4 Nc5 12. O-O-O Nba4 13. Ne4 Nxe4 14. Qxe4
Qd6 15. Bd3 g6 16. Rd2 a6 17. h4 b5 18. Rc2 bxc4 19. Rxc4 Nxb2 20. Kxb2 Qa3+
21. Ka1 Rab8 22. Rb1 Rxb1+ 23. Bxb1 Rb8 24. Bc1 Qa5 25. h5 Qb6 26. hxg6 hxg6
27. Rc6 Qxf2 28. Rxg6+ Kh8 29. Rh6+ 1-0

[Event "?"]
[Site "?"]
[Date "2011.06.02"]
[Round "2.50"]
[White "Kean, Christopher"]
[Black "Kreiter, Thomas"]
[Result "0-1"]
[WhiteElo "1791"]
[BlackElo "1962"]
[PlyCount "56"]
[EventDate "2011.??.??"]
[WhiteTeam "SC Leinfelden"]
[BlackTeam "SC Tamm 74"]

1. d4 Nf6 2. Bg5 d6 3. e3 h6 4. Bxf6 gxf6 5. c4 Nd7 6. g3 e5 7. Bg2 c6 8. Nc3
Rb8 9. Nge2 Qe7 10. Qb3 Bg7 11. Qa3 a6 12. Ne4 Bf8 13. O-O-O f5 14. N4c3 Nf6
15. dxe5 dxe5 16. Qa4 Ng4 17. Nd5 Qc5 18. Nc7+ Ke7 19. Nc3 b5 20. Qa5 Bb7 21.
Nxa6 Bxa6 22. Qc7+ Kf6 23. Qxb8 b4 24. h3 Nxf2 25. Ne4+ Nxe4 26. Bxe4 Qxe3+ 27.
Rd2 Qxe4 28. Rd6+ Kg7 0-1

[Event "?"]
[Site "?"]
[Date "2011.06.03"]
[Round "3.1"]
[White "Ovsejevitsch, Sergei"]
[Black "Graf, Felix"]
[Result "1/2-1/2"]
[WhiteElo "2585"]
[BlackElo "2318"]
[PlyCount "88"]
[EventDate "2011.??.??"]
[WhiteTeam "SK Gau-Algesheim"]
[BlackTeam "FC Bayern München e.V."]

1. Nf3 d5 2. c4 c6 3. e3 Nf6 4. Nc3 e6 5. d4 Nbd7 6. Bd3 Bb4 7. O-O O-O 8. Qc2
a6 9. b3 b5 10. c5 Qe7 11. Bb2 h6 12. a3 Ba5 13. e4 Bxc3 14. Bxc3 dxe4 15. Bxe4
Nxe4 16. Qxe4 Nf6 17. Qc2 Nd5 18. Rfe1 Bd7 19. Nd2 Qf6 20. Ne4 Qg6 21. Qd2 f5
22. Nd6 f4 23. f3 a5 24. Bxa5 Ne3 25. Re2 e5 26. dxe5 Be6 27. Bc3 Bxb3 28. Bd4
Nc2 29. e6 Nxa1 30. e7 Nc2 31. exf8=Q+ Rxf8 32. Re4 Nxd4 33. Qxd4 Bd5 34. Rxf4
Rxf4 35. Qxf4 Qb1+ 36. Kf2 Qc2+ 37. Kg3 Qxc5 38. Qe5 Qxa3 39. Nxb5 Qc1 40. Nd6
Qb1 41. Nf5 Qb7 42. h4 Qd7 43. h5 Be6 44. Nd4 Bf7 1/2-1/2

[Event "?"]
[Site "?"]
[Date "2011.06.03"]
[Round "3.2"]
[White "Kabisch, Thilo"]
[Black "Korneev, Oleg"]
[Result "0-1"]
[WhiteElo "2291"]
[BlackElo "2573"]
[PlyCount "68"]
[EventDate "2011.??.??"]
[WhiteTeam "SK Schmiden/Cannstatt"]

1. e4 c5 2. Nf3 Nc6 3. d4 cxd4 4. Nxd4 Qc7 5. Nc3 e6 6. Be2 a6 7. O-O Nf6 8.
Be3 Bb4 9. Na4 O-O 10. a3 Bd6 11. Nxc6 bxc6 12. Qd3 Bxh2+ 13. Kh1 Bf4 14. Bc5
d6 15. Bb6 Qb8 16. g3 Bh6 17. Rad1 d5 18. exd5 exd5 19. Kg2 Re8 20. Rh1 Qe5 21.
Bf3 Bf5 22. Qb3 Rab8 23. c4 Be4 24. Rhe1 Bd2 25. Rh1 Ba5 26. c5 Qf5 27. Rd4 Be1
28. Qd1 Bxf2 29. Bxe4 Nxe4 30. Rf1 Qg6 31. Rd3 Bxg3 32. Qf3 Bf4+ 33. Kh1 Ng3+
34. Kg2 Re2+ 0-1